Statistics for NFL Football Records

Click here to take the quiz!

General Stats

  • This quiz has been taken 94,080 times
    (42,828 since last reset)
  • The average score is 16 of 26

Answer Stats

Record#WhenPlayer% Correct
Super Bowl wins (player)7-Tom Brady
100%
Passing TDs (season)552013Peyton Manning
88%
Rushing yards (season, quarterback)1,2062019Lamar Jackson
80%
Receiving yards (career)22,8951985–2004Jerry Rice
77%
Passer rating (career)103.62005–Aaron Rodgers
76%
Interceptions thrown (career)3361991–2010Brett Favre
73%
Rushing yards (career, quarterback)6,1052001–2015Michael Vick
72%
Rushing yards (career)18,3551990–2004Emmitt Smith
71%
Longest field goal66 yards2021Justin Tucker
69%
Sacks (season)22.52021T. J. Watt
69%
Receiving yards (season)1,9642012Calvin Johnson
67%
Passing TDs (season, rookie)312020Justin Herbert
67%
Receiving TDs (season)232007Randy Moss
66%
Receiving TDs (season, tight end)172011Rob Gronkowski
64%
Rushing yards (game)2962007Adrian Peterson
63%
Receiving yards (career, tight end)15,1271997–2013Tony Gonzalez
63%
Rushing TDs (season)282006LaDainian Tomlinson
58%
Most field goals (career)5991996–2019Adam Vinatieri
54%
Kick & punt return TDs (career)192006–2014Devin Hester
54%
Sacks (season)22.52001Michael Strahan
49%
Receptions (season)1492019Michael Thomas
49%
Rushing yards (season)2,1051984Eric Dickerson
45%
Defensive interceptions (season)141952Dick "Night Train" Lane
34%
Receiving yards (career, running back)6,8751994–2005Marshall Faulk
31%
Oldest player ever48 years1975George Blanda
20%
All-purpose yards (season)2,9692011Darren Sproles
14%

Score Distribution

Percentile by Number Answered

Percent of People with Each Score

Your Score History

You have not taken this quiz since the last reset